2016 Albums by album cover - Statistics

General Stats
  • This quiz has been taken 16 times
  • The average score is 9 of 15
Answer Stats
Picture Answer % Correct
Starboy
100%
Dangerous Woman
94%
Lemonade
94%
The Life of Pablo
94%
Blonde
81%
4 Your Eyez Only
63%
Anti
63%
Views
63%
Blackstar
44%
Coloring Book
44%
Jeffery
38%
SremmLife 2
38%
Untitled Unmastered
38%
A Seat at the Table
31%
Weezer
25%
No matching quizzes found
Score Distribution
Percent of People with Each Score
Percentile by Number Answered
Your Score History
You have not taken this quiz